Statistics for National Parks In D.C.

Click here to take the quiz!

General Stats

  • This quiz has been taken 2 times
  • The average score is 6 of 22

Answer Stats

TypeAnswer% Correct
ParkNational Mall
100%
NHSFord's Theatre
50%
NHSFrederick Douglass
50%
NMLincoln Memorial
50%
N MEMMartin Luther King, Jr.
50%
NHSPennsylvania Avenue
50%
ParkRock Creek
50%
IslandTheodore Roosevelt
50%
N MEMVietnam Veterans
50%
NMWhite House
50%
NMBelmont-Paul Women's Equality
0%
NHSCarter G. Woodson Home
0%
ParkConstitution Gardens
0%
N MEMDwight D. Eisenhower
0%
N MEMFranklin Delano Roosevelt
0%
N MEMKorean War Veterans
0%
ParkLyndon Baines Johnson
0%
NHSMary McLeod Bethune House
0%
ParksNational Capital
0%
NMThomas Jefferson Memorial
0%
NMWashington Monument
0%
N MEMWorld War II
0%

Score Distribution

Percentile by Number Answered

Percent of People with Each Score

Your Score History

You have not taken this quiz